| 000 | 00795nam a22003130a 4500 | ||
|---|---|---|---|
| 001 | PT39212 | ||
| 003 | AR-LpoUNG | ||
| 005 | 20210131230612.0 | ||
| 008 | 191001s1993||||ag |||||||||||||||||spa d | ||
| 020 |
_a9507860428 _c$17.96 |
||
| 040 |
_aAR-LpoUNG _bspa _cAR-LpoUNG _eaacr |
||
| 041 | _aspa | ||
| 044 | _aag | ||
| 082 | 0 | _a907.2 664mic | |
| 100 | 1 | _aLevi, Giovanni | |
| 245 | 1 | 0 | _aSobre microhistoria |
| 250 | _a1ยง ed. | ||
| 260 |
_aBuenos Aires : _bBiblos, _c1993. |
||
| 300 |
_a53 p. : _btbls. |
||
| 650 | 4 | _aANALISIS HISTORICO | |
| 650 | 4 | _aCIENCIAS SOCIALES | |
| 650 | 4 | _aHISTORIA | |
| 650 | 4 | _aMATERIAL DE REFERENCIA | |
| 651 | 4 | _aDOCUMENTOS TEORICOS O METODOLOGICOS | |
| 653 | _aHISTORIOGRAFIA | ||
| 700 | 1 |
_aGodoy, Cristina _etr. |
|
| 905 | _a39212 | ||
| 942 | _cLIB | ||
| 999 |
_c4894 _d4894 |
||